| 000 | 00882nam a22002417a 4500 | ||
|---|---|---|---|
| 003 | OSt | ||
| 005 | 20220620040534.0 | ||
| 008 | 170329b xxu||||| |||| 00| 0 eng d | ||
| 020 | _a1878208667 (hardcover) | ||
| 040 |
_aMMU _cMMU _dMMU _beng |
||
| 050 | 0 | 0 | _aTL140 .T44M48 1995 |
| 100 | 1 | _aMeyer, Marjorie Teetor. | |
| 245 | 1 | 0 |
_aOne man's vision : _bthe life of automotive pioneer Ralph R. Teetor / _cMarjorie Teetor Meyer. |
| 246 | 3 | 0 | _aLife of automotive pioneer Ralph R. Teetor |
| 260 |
_aIndianapolis : _bGuild Press of Indiana, _cc1995. |
||
| 300 |
_axii, 224 p. : _bill. ; _c25 cm. |
||
| 500 | _aIncludes bibliographical references and index. | ||
| 600 | 1 | 0 |
_aTeetor, Ralph R., _d1890-1982. |
| 650 | 0 |
_aAutomobile engineers _zIndiana _xBiography. |
|
| 650 | 0 |
_aBusinessmen _zUnited States _xBiography. |
|
| 650 | 0 |
_aBlind _zUnited States _xBiography. |
|
| 942 |
_2lcc _cLOAN LOAN |
||
| 999 |
_c26378 _d26378 |
||